| 000 | 00859nam a2200217 a 4500 | ||
|---|---|---|---|
| 001 | BRCA_2870 | ||
| 005 | 20190320204016.0 | ||
| 008 | 111208s1824----paua---###---#000-0#eng-u | ||
| 050 | 4 |
_aF1211.P6 _b.P65 _c1824 |
|
| 100 | 1 |
_aPoinsett, Joel Roberts _d1779-1851 _98014 |
|
| 245 | 1 | 0 |
_aNotes on Mexico made in the autumn of 1822 _baccompanied by an historical sketch of the revolution, and translations of official reports on the present State of that country... _cby Joel Roberts Poinsett a citizen of the United States. |
| 260 |
_aPhiladelphia, Pensilvania _bCarey and I. Lea _c1824 |
||
| 300 |
_avi, 359 p. _bil., mapas _c22 cm. |
||
| 500 | _aIncluye índice alfabético. | ||
| 500 | _aB16 | ||
| 650 | 1 | 4 |
_aViajeros estadounidenses _97583 |
| 651 | 4 |
_aMéxico _xDescripción y viajes _9103 |
|
| 651 | 4 |
_aMéxico _xHistoria _9614 |
|
| 902 | _aGFM | ||
| 942 |
_2lcc _cB |
||
| 999 |
_c2609 _d2609 |
||